| 000 | 01106nam a2200205Ii 4500 | ||
|---|---|---|---|
| 003 | JO-AjNU | ||
| 008 | 230605s9999||||xx |||||||||||||| ||und|| | ||
| 017 | _a2021/1/428 | ||
| 040 |
_aJO-AjNU _bara _erda _cJO-AjNU |
||
| 041 | _aara | ||
| 050 | 1 | 4 | _aDS154.56.A22 2021 |
| 100 | 3 |
_aعبدالله الثاني إبن الحسين، ملك الآردن، 1999؛ اشراف الديوان الملكي الهاشمي؛ جمع وتحرير بتول نائل العبداللات؛ متابعة وتنسيق يمان عبد المجيد الذنيبات واخرون, _eauthor _962325 |
|
| 245 | 0 | 0 | _aالخطاب السامي لصاحب الجلالة الهاشمية الملك عبدالله الثاني ابن الحسبن المعظم، مج 20 |
| 264 | 3 | 1 | _aعمان: الديوان الملكي الهاشمي، 2021 |
| 300 | _aمج 20، 200ص | ||
| 336 |
_atext _btxt _2rdacontent |
||
| 337 |
_aunmediated _bn _2rdamedia |
||
| 338 |
_avolume _bnc _2rdacarrier |
||
| 650 | 4 |
_aالاردن - تاريخ - جلالة الملك عبدالله الناثي ابن الحسين 1999 - خطابات _962326 |
|
| 999 |
_aA28217 _c31785 _d31785 |
||